000 01140nam a22002297a 4500
008 130213t xxu||||| |||| 00| 0 eng d
020 _a9-7804-0694-2913
082 _222 ed.
_a344.046
_bHUG
100 _aHughes, David
_96896
245 _aEnvironmental law /
_cHughes, David …[et al.]
250 _a4 ed.
260 _aUSA :
_bOxford University press
_c2005
300 _alxxii, 725 P. ;
_c24 cm.
500 _aIncludes Index
650 _aEnvironmental law
_96897
700 _aJewell, Tim
_96898
942 _2ddc
_cDOC
999 _c5253
_d5253